| 000 | 01049nam a2200301 4500 | ||
|---|---|---|---|
| 001 | 22036 | ||
| 003 | BD-RjUL | ||
| 005 | 20211209000747.0 | ||
| 008 | 140306t19641963enkab b 001 0 eng | ||
| 035 | _a(BD-RjUL)22101 | ||
| 040 |
_aDLC _cDLC _dDLC _dBD-RjUL _beng |
||
| 041 | _aeng | ||
| 082 |
_a914.2 _bSTB 1963 |
||
| 100 | 1 |
_aStamp, L. Dudley _q(Laurence Dudley), _d1898-1966. _911800 |
|
| 245 | 1 | 4 |
_aThe British Isles : _ba geographic and economic survey / _cL. Dudley Stamp and Stanley H. Beaver. |
| 250 | _a5th ed. | ||
| 260 |
_aLondon : _bLongmans, _cc1963 [Reprinted 1964]. |
||
| 300 |
_axii, 802 p. : _bill., maps. ; _c23 cm. |
||
| 490 | 0 | _aGeographies for advanced study | |
| 504 | _aIncludes bibliographies and index. | ||
| 650 | 0 |
_aNatural resources _zGreat Britain. _968056 |
|
| 651 | 0 |
_aGreat Britain _xEconomic conditions. _968057 |
|
| 651 | 0 |
_aGreat Britain _xEconomic conditions _y1945-1964. _95855 |
|
| 700 | 1 |
_aBeaver, Stanley Henry, _ejoint author. _967374 |
|
| 942 |
_2ddc _cBK |
||
| 999 |
_c22036 _d22036 |
||